| 000 | 01629cam a2200409 4500 | ||
|---|---|---|---|
| 003 | PE-LiUPU | ||
| 005 | 20250731183434.0 | ||
| 020 | _a8425219957 | ||
| 035 | _a(Sirsi) i9788425219955 | ||
| 035 | _a(Sirsi) 48327 | ||
| 035 | _a(Sirsi) 48327 | ||
| 041 | _aes | ||
| 044 | _aes | ||
| 082 | 0 | 4 |
_a720.92 _bC7 |
| 245 |
_aConversaciones con Jean Prouvé / _cArmelle Lavalou, editor. |
||
| 264 | 1 |
_aBarcelona : _bGustavo Gili, _c2005 |
|
| 300 |
_a95 cm. : _bilustraciones ; _c20 cm. |
||
| 490 | 0 | _aConversaciones con... | |
| 500 | _aTítulo original: Jean Prouveþ par lui-même | ||
| 505 | 0 | _aEl obrero forjador -- De la calle Général Custine a Maxéville -- La autogestión en Maxéville -- Muebles -- Lods y la Maison du Peuple -- Los polígonos de viviendas -- La gran industria -- Industrialización/ prefabricación -- Las casas -- | |
| 526 | _aP158 | ||
| 526 | _aP146 | ||
| 526 | _aP17 | ||
| 526 | _aP12 | ||
| 526 | _aP06 | ||
| 600 |
_aProuvé, Jean _y1901-1984 _xEntrevistas |
||
| 650 | 1 | 4 | _aArquitectura francesa |
| 650 | 1 | 4 |
_aArquitectura moderna _ySiglo XX _zFrancia |
| 700 | 1 |
_aLavalou, Armelle _eed. |
|
| 942 |
_2ddc _cBOOK |
||
| 949 |
_a720.92 C7 _i66272 _lCCODEBUL1 _mBUL _tLIBRO _o.STAFF. Colección General |
||
| 859 |
_q66272 _h720.92 _iC7 |
||
| 910 |
_agl _b _clch _d20130225 |
||
| 596 | _a1 | ||
| 999 |
_a720.92 C7 _wDEWEY _c54528 _i66272 _d54528 _e2015-10-14 _f2021-11-9 _g7 _lCCODEBUL1 _mBUL _n3 _p25.00 _r0 _sY _tBOOK _u2015-7-6 _xINGENIERIA _PP06 _0COMPRA _o.STAFF. Colección General |
||
| 980 |
_81 _gALBERTO SANCHEZ Responsable de Automatización |
||